An analysis on genre and lexical density of 10 reading texts in the grade 10th experimental English textbook in Vietnam
References: p.55 - 58; Master thesis of Thu Dau Mot University. Major: English language; Code: 8220201; 5 chapters: Introduction; literature review; research methodology; findings and discussion; conclusion and implications; Đồng ý về việc phục vụ đọc trực tuyến, không ý kiến về...
Guardado en:
| Autor principal: | |
|---|---|
| Otros Autores: | |
| Formato: | Libro |
| Lenguaje: | Undetermined |
| Publicado: |
Binh Duong
2019
|
| Materias: | |
| Acceso en línea: | http://lrc.tdmu.edu.vn/opac/search/detail.asp?aID=2&ID=40199 |
| Etiquetas: |
Agregar Etiqueta
Sin Etiquetas, Sea el primero en etiquetar este registro!
|
| Thư viện lưu trữ: | Trung tâm Học liệu Trường Đại học Thủ Dầu Một |
|---|
| LEADER | 01084nam a2200205Ia 4500 | ||
|---|---|---|---|
| 001 | TDMU_40199 | ||
| 008 | 210410s9999 xx 000 0 und d | ||
| 082 | |a 628.114 | ||
| 090 | |b Đ312 | ||
| 100 | |a Đinh, Tan Tho | ||
| 245 | 3 | |a An analysis on genre and lexical density of 10 reading texts in the grade 10th experimental English textbook in Vietnam | |
| 245 | 0 | |c Đinh Tan Tho; Nguyen Vu Phuong supervisor | |
| 260 | |a Binh Duong | ||
| 260 | |c 2019 | ||
| 300 | |a 58 p+Appendix | ||
| 520 | |a References: p.55 - 58; Master thesis of Thu Dau Mot University. Major: English language; Code: 8220201; 5 chapters: Introduction; literature review; research methodology; findings and discussion; conclusion and implications; Đồng ý về việc phục vụ đọc trực tuyến, không ý kiến về việc chép file, cho photo 50% tài liệu | ||
| 650 | |a English |x Lexical density | ||
| 700 | |a Nguyen, Vu Phuong | ||
| 856 | |u http://lrc.tdmu.edu.vn/opac/search/detail.asp?aID=2&ID=40199 | ||
| 980 | |a Trung tâm Học liệu Trường Đại học Thủ Dầu Một | ||